[Event "Catalunya-chT Gp1"]
[Site "Barcelona"]
[Date "2025.01.25"]
[Round "2.8"]
[White "Nadal Fajardo, Ricard"]
[Black "Llados Clos, Jordi"]
[Result "1/2-1/2"]
[WhiteElo "2101"]
[BlackElo "2029"]
[PlyCount "81"]
[EventDate "2025.01.18"]
[EventType "team-tourn"]
[EventRounds "5"]
[EventCountry "ESP"]
[SourceTitle "CB07_2025"]
[SourceDate "2025.02.12"]
[SourceVersion "1"]
[SourceVersionDate "2025.02.12"]
[SourceQuality "1"]
[WhiteTeam "Platja D'Aro"]
[BlackTeam "Peona I Peo"]
[WhiteTeamCountry "ESP"]
[BlackTeamCountry "ESP"]

1. d4 Nf6 2. Nf3 g6 3. Nbd2 Bg7 4. e4 d6 5. Bd3 0-0 6. 0-0 Nbd7 7. Re1 e5 8. c3 c6 9. a4 a5 10. Nf1 Qc7 11. Ng3 d5 12. dxe5 Nxe5 13. Bf4 Nxf3+ 14. Qxf3 Qb6 15. Bd6 Re8 16. Ba3 dxe4 17. Nxe4 Nxe4 18. Bxe4 Be6 19. Bc2 Rad8 20. Rad1 Rxd1 21. Qxd1 Rd8 22. Qc1 Rd7 23. h3 Bf8 24. Bxf8 Kxf8 25. Qh6+ Kg8 26. Bf5 Rd6 27. Qf4 Qd8 28. Bxe6 Rxe6 29. Rxe6 fxe6 30. Qe5 Kf7 31. Kh2 h5 32. Qe3 Qc7+ 33. g3 c5 34. Qf3+ Kg7 35. h4 Qd7 36. Qf4 Qc6 37. Qe5+ Kf7 38. Qf4+ Kg7 39. Qe5+ Kf7 40. Qf4+ Kg7 41. Qe5+ 1/2-1/2

[Event "Calvia Amateur op 21st"]
[Site "Calvia"]
[Date "2024.10.07"]
[Round "3"]
[White "Nadal Fajardo, Ricard"]
[Black "Kaminski, Robert"]
[Result "1-0"]
[WhiteElo "2081"]
[BlackElo "1894"]
[PlyCount "49"]
[EventDate "2024.10.05"]
[EventType "swiss"]
[EventRounds "9"]
[EventCountry "ESP"]
[SourceTitle "CB45_2024"]
[Source "ChessBase"]
[SourceDate "2024.11.06"]
[SourceVersion "1"]
[SourceVersionDate "2024.11.06"]
[SourceQuality "1"]

1. d4 d5 2. Nf3 Bf5 3. e3 Nf6 4. c4 e6 5. Qb3 Qc8 6. Nc3 c6 7. Nh4 Bg4 8. h3 Bh5 9. g4 Bg6 10. Nxg6 hxg6 11. Bg2 Bd6 12. Bd2 dxc4 13. Qxc4 Nd5 14. Nxd5 exd5 15. Bxd5 0-0 16. Be4 Kh7 17. Qe2 Nd7 18. g5 Rh8 19. h4 Qe8 20. Bd3 Kg8 21. h5 gxh5 22. Rxh5 Rxh5 23. Qxh5 g6 24. Qh3 Nb6 25. 0-0-0 1-0

[Event "Catalunya-chT Gp1 Final"]
[Site "Barcelona"]
[Date "2024.03.09"]
[Round "1.8"]
[White "Nadal Fajardo, Ricard"]
[Black "Nieto Farreny, Francesc"]
[Result "1-0"]
[WhiteElo "2045"]
[BlackElo "2187"]
[PlyCount "83"]
[EventDate "2024.03.09"]
[EventType "team-k.o."]
[EventRounds "3"]
[EventCountry "ESP"]
[SourceTitle "CBM 220 Extra"]
[Source "ChessBase"]
[SourceDate "2024.07.31"]
[SourceVersion "1"]
[SourceVersionDate "2024.07.31"]
[SourceQuality "1"]
[WhiteTeam "Platja D'Aro"]
[BlackTeam "Cerdanyola Valles"]
[WhiteTeamCountry "ESP"]
[BlackTeamCountry "ESP"]

1. d4 d5 2. Nf3 Nf6 3. e3 Bg4 4. c4 e6 5. Nc3 Nbd7 6. Qb3 Bxf3 7. gxf3 dxc4 8. Bxc4 Nb6 9. a4 a6 10. a5 Nxc4 11. Qxc4 Nd5 12. Bd2 Rc8 13. Ne4 f5 14. Nc5 Bxc5 15. Qxc5 Qd6 16. Rc1 Qxc5 17. Rxc5 g6 18. Ke2 c6 19. e4 Nf6 20. Bg5 Nd7 21. Rc3 h6 22. Bf4 g5 23. Bd6 Rh7 24. Rb3 Nf6 25. Be5 Nh5 26. Rg1 c5 27. Rc1 c4 28. Rb4 fxe4 29. fxe4 Rf7 30. Rbxc4 Rxc4 31. Rxc4 Nf4+ 32. Bxf4 Rxf4 33. Ke3 Kd7 34. Rb4 Kc7 35. Rb6 Rh4 36. Rxe6 Rh3+ 37. Ke2 Rxh2 38. d5 g4 39. Rg6 h5 40. e5 Rh1 41. Rg7+ Kd8 42. d6 1-0

[Event "Catalunya-chT Gp2"]
[Site "Barcelona"]
[Date "2024.02.24"]
[Round "6.8"]
[White "Nadal Fajardo, Ricard"]
[Black "Serra Canals, Oriol"]
[Result "1/2-1/2"]
[WhiteElo "2025"]
[BlackElo "2158"]
[PlyCount "138"]
[EventDate "2024.01.20"]
[EventType "team-tourn"]
[EventRounds "7"]
[EventCountry "ESP"]
[SourceTitle "CBM 219 Extra"]
[Source "ChessBase"]
[SourceDate "2024.05.31"]
[SourceVersion "1"]
[SourceVersionDate "2024.05.31"]
[SourceQuality "1"]
[WhiteTeam "Platja D'Aro"]
[BlackTeam "Vila Olimpica"]
[WhiteTeamCountry "ESP"]
[BlackTeamCountry "ESP"]

1. d4 e6 2. Nf3 Nf6 3. Nbd2 d5 4. e3 c5 5. c3 Nc6 6. Bd3 Qc7 7. Qe2 Be7 8. dxc5 Bxc5 9. e4 0-0 10. 0-0 h6 11. h3 e5 12. exd5 Nxd5 13. Nb3 Bb6 14. c4 Nf6 15. c5 Ba5 16. Nxa5 Qxa5 17. Nxe5 Nd4 18. Qe3 Qxc5 19. b4 Qxb4 20. Ba3 Qxa3 21. Bh7+ Nxh7 22. Qxa3 Nc2 23. Qb3 Nxa1 24. Rxa1 Rb8 25. Qa3 a6 26. Rc1 Nf6 27. Nc4 Be6 28. Nb6 Nd5 29. Nxd5 Bxd5 30. Rd1 Be6 31. Qa5 Rbc8 32. a3 Rc6 33. Qb4 b5 34. Qe7 Rfc8 35. Rd6 Kh7 36. Rxc6 Rxc6 37. Qb7 Rd6 38. Kh2 Bc4 39. Qc7 Rf6 40. Qc5 Re6 41. Qf5+ Kg8 42. Qc5 Re2 43. Kg3 Re6 44. Kh2 g6 45. Kg3 Kh7 46. h4 h5 47. Qc7 Re4 48. f3 Re3 49. Qc5 Rb3 50. Kf4 Rd3 51. Kg3 Be6 52. Kh2 a5 53. Kg3 Rb3 54. Kf4 b4 55. axb4 Rxb4+ 56. Kg5 Bc4 57. Kf6 Bb5 58. Kxf7 Rf4+ 59. Ke7 Rf5 60. Qc7 a4 61. Ke6+ Kh6 62. Qc1+ Kg7 63. Qc3+ Kg8 64. g4 hxg4 65. fxg4 Rf7 66. Qc8+ Kg7 67. Qc3+ Kg8 68. Qc8+ Kg7 69. Qc3+ Kg8 1/2-1/2

[Event "Sant Adria de Besos op 17th"]
[Site "Sant Adria de Besos"]
[Date "2023.06.11"]
[Round "8"]
[White "Nadal Fajardo, Ricard"]
[Black "Flores de Paco, David"]
[Result "1-0"]
[WhiteElo "2187"]
[BlackElo "2102"]
[PlyCount "55"]
[EventDate "2023.04.02"]
[EventType "swiss"]
[EventRounds "9"]
[EventCountry "ESP"]
[SourceTitle "EXT 2024"]
[Source "ChessBase"]
[SourceDate "2023.10.10"]
[SourceVersion "1"]
[SourceVersionDate "2023.10.10"]
[SourceQuality "1"]

1. d4 d5 2. c4 e6 3. Nc3 c5 4. cxd5 cxd4 5. Qxd4 Nc6 6. Qd1 exd5 7. e3 Nf6 8. Nf3 Bd6 9. Be2 0-0 10. 0-0 a6 11. b3 Re8 12. Bb2 h6 13. Rc1 Bf5 14. Na4 Qe7 15. Nd4 Be4 16. Nxc6 bxc6 17. Qd4 Rab8 18. Nc5 Qd8 19. Nxa6 Bxg2 20. Kxg2 Re4 21. Qc3 Rh4 22. h3 Qc8 23. Rh1 Qf5 24. Nxb8 d4 25. Qxc6 Qg5+ 26. Kf1 Ne4 27. Qe8+ Kh7 28. Bd3 1-0

[Event "Barcelona La Lira op 14th"]
[Site "Barcelona"]
[Date "2023.04.27"]
[Round "2"]
[White "Nadal Fajardo, Ricard"]
[Black "Fernandez Pisonero, Daniel"]
[Result "1-0"]
[WhiteElo "2073"]
[BlackElo "1703"]
[PlyCount "53"]
[EventDate "2023.04.20"]
[EventType "swiss"]
[EventRounds "9"]
[EventCountry "ESP"]
[SourceTitle "EXT 2024"]
[Source "ChessBase"]
[SourceDate "2023.10.10"]
[SourceVersion "1"]
[SourceVersionDate "2023.10.10"]
[SourceQuality "1"]

1. d4 g6 2. g3 Bg7 3. Bg2 d6 4. e3 Nf6 5. Ne2 c6 6. c4 0-0 7. 0-0 Nbd7 8. b3 Qc7 9. Bb2 b6 10. Nbc3 Bb7 11. Rc1 Rac8 12. Qd2 Qb8 13. h3 Rfe8 14. f4 d5 15. cxd5 cxd5 16. g4 e6 17. Ba3 a6 18. g5 Nh5 19. Bf3 Bf8 20. Bxf8 Nxf8 21. Bxh5 gxh5 22. Ng3 h4 23. Nh5 Red8 24. Nf6+ Kg7 25. Qe2 a5 26. Qh5 Ng6 27. Qh6+ 1-0

[Event "Catalunya-chT Gp1 Final"]
[Site "Barcelona"]
[Date "2023.03.25"]
[Round "2.6"]
[White "Hernando Rodrigo, Julio Antonio"]
[Black "Nadal Fajardo, Ricard"]
[Result "1-0"]
[WhiteElo "2246"]
[BlackElo "2081"]
[PlyCount "57"]
[EventDate "2023.03.18"]
[EventType "team-k.o."]
[EventRounds "3"]
[EventCountry "ESP"]
[SourceTitle "EXT 2024"]
[Source "ChessBase"]
[SourceDate "2023.10.10"]
[SourceVersion "1"]
[SourceVersionDate "2023.10.10"]
[SourceQuality "1"]
[WhiteTeam "Ateneu Colon"]
[BlackTeam "Platja D'Aro"]
[WhiteTeamCountry "ESP"]
[BlackTeamCountry "ESP"]

1. d4 d5 2. c4 e6 3. Nf3 h6 4. g3 Nf6 5. Bg2 Bd6 6. 0-0 Nc6 7. Nc3 0-0 8. cxd5 exd5 9. Bf4 Bxf4 10. gxf4 Ne7 11. e3 c6 12. b4 a6 13. a4 Ne8 14. Qb3 Nd6 15. b5 Nc4 16. bxc6 bxc6 17. Qa2 Qa5 18. Rfc1 Rb8 19. Ne5 Nxe5 20. dxe5 Be6 21. Ne2 c5 22. Qc2 Rfc8 23. Ng3 g6 24. e4 d4 25. f5 Bb3 26. Qd3 Nc6 27. Qf3 Nxe5 28. Qf4 Qc7 29. Qxh6 1-0

[Event "Barcelona La Lira op 39th"]
[Site "Barcelona"]
[Date "2023.03.03"]
[Round "7"]
[White "Nadal Fajardo, Ricard"]
[Black "Gomez Paredes, Isaac"]
[Result "1-0"]
[WhiteElo "2018"]
[BlackElo "1507"]
[PlyCount "45"]
[EventDate "2023.01.20"]
[EventType "swiss"]
[EventRounds "8"]
[EventCountry "ESP"]
[SourceTitle "CBM 213 Extra"]
[Source "ChessBase"]
[SourceDate "2023.05.31"]
[SourceVersion "1"]
[SourceVersionDate "2023.05.31"]
[SourceQuality "1"]

1. d4 Nf6 2. Bg5 Ne4 3. Bf4 d5 4. f3 Nf6 5. Nc3 e6 6. Qd3 Bd6 7. Bxd6 Qxd6 8. e4 Qb6 9. 0-0-0 0-0 10. Kb1 Na6 11. e5 Nd7 12. f4 c5 13. Nf3 c4 14. Qd2 Nc7 15. g4 Nb5 16. f5 Nxc3+ 17. Qxc3 Qc6 18. Qe3 exf5 19. gxf5 Nb6 20. Nh4 c3 21. f6 Na4 22. Qg5 g6 23. Qh6 1-0

[Event "Barcelona Sant Marti op 10th"]
[Site "Barcelona"]
[Date "2023.01.26"]
[Round "3"]
[White "Nadal Fajardo, Ricard"]
[Black "Plantada Siurans, Estanislau"]
[Result "1-0"]
[WhiteElo "2018"]
[BlackElo "1545"]
[PlyCount "57"]
[EventDate "2023.01.12"]
[EventType "swiss"]
[EventRounds "9"]
[EventCountry "ESP"]
[SourceTitle "CBM 213 Extra"]
[Source "ChessBase"]
[SourceDate "2023.05.31"]
[SourceVersion "1"]
[SourceVersionDate "2023.05.31"]
[SourceQuality "1"]

1. d4 d6 2. e4 e5 3. Nf3 Bg4 4. dxe5 Bxf3 5. Qxf3 dxe5 6. Bc4 Qf6 7. Qb3 b6 8. Nc3 c6 9. a4 Qg6 10. 0-0 Nf6 11. a5 Bc5 12. axb6 Bxb6 13. Na4 Nbd7 14. Nxb6 Nxb6 15. Qxb6 0-0 16. Rxa7 Rxa7 17. Qxa7 Qxe4 18. Bb3 h5 19. Bg5 Qf5 20. Bxf6 Qxf6 21. Rd1 e4 22. Qd4 Qg6 23. Qd6 Qg4 24. h3 Qe2 25. Qd2 Qb5 26. Re1 Qe5 27. Qc3 Qf5 28. Qxc6 Qe5 29. Qxe4 1-0

[Event "El Prat de Llobregat op 3rd"]
[Site "El Prat de Llobregat"]
[Date "2022.11.11"]
[Round "7"]
[White "Nadal Fajardo, Ricard"]
[Black "Diaz Carrasco, Sergio"]
[Result "1-0"]
[WhiteElo "1999"]
[BlackElo "1996"]
[PlyCount "83"]
[EventDate "2022.09.30"]
[EventType "swiss"]
[EventRounds "9"]
[EventCountry "ESP"]
[SourceTitle "EXT 2024"]
[Source "ChessBase"]
[SourceDate "2023.10.10"]
[SourceVersion "1"]
[SourceVersionDate "2023.10.10"]
[SourceQuality "1"]

1. d4 f5 2. Nc3 Nf6 3. f3 d5 4. Bg5 e6 5. e4 Be7 6. exf5 exf5 7. Qd2 Be6 8. 0-0-0 Qd7 9. Re1 h6 10. Bh4 Nc6 11. Bb5 g5 12. Bf2 a6 13. Bd3 0-0-0 14. Nge2 Nb4 15. Kb1 Bd6 16. Nc1 Qf7 17. h3 Nxd3 18. Nxd3 Nd7 19. h4 f4 20. Re2 g4 21. Rhe1 Bf5 22. Ne5 Bxe5 23. dxe5 Nf8 24. Qd4 g3 25. Bg1 b6 26. Ka1 Ne6 27. Qa4 Kb7 28. Rd1 c6 29. Qb3 Qc7 30. Na4 d4 31. c3 c5 32. cxd4 cxd4 33. Red2 b5 34. Qb4 Ka8 35. Bxd4 Nxd4 36. Rxd4 bxa4 37. Qxa4 Ka7 38. Rd6 Rxd6 39. exd6 Qc2 40. Qd4+ Ka8 41. Qxh8+ Kb7 42. Qg7+ 1-0

[Event "El Prat de Llobregat op 3rd"]
[Site "El Prat de Llobregat"]
[Date "2022.10.21"]
[Round "4"]
[White "Nadal Fajardo, Ricard"]
[Black "Escoriza Pons, Xavier"]
[Result "1-0"]
[WhiteElo "1993"]
[BlackElo "1748"]
[PlyCount "133"]
[EventDate "2022.09.30"]
[EventType "swiss"]
[EventRounds "9"]
[EventCountry "ESP"]
[SourceTitle "EXT 2024"]
[Source "ChessBase"]
[SourceDate "2023.10.10"]
[SourceVersion "1"]
[SourceVersionDate "2023.10.10"]
[SourceQuality "1"]

1. d4 d5 2. Nf3 Nf6 3. c4 e6 4. Nc3 Be7 5. Bg5 0-0 6. e3 Re8 7. Qc2 Nbd7 8. Bd3 Nf8 9. Ne5 c6 10. 0-0 Qc7 11. Rac1 dxc4 12. Bxc4 Ng6 13. Nxg6 hxg6 14. Bf4 Bd6 15. Ne2 e5 16. dxe5 Bxe5 17. Qxg6 Be6 18. Bxe6 Rxe6 19. Qf5 Bxf4 20. Qxf4 Qa5 21. Nc3 Nd5 22. Nxd5 Qxd5 23. Qc4 Qe5 24. Rfd1 Qxb2 25. Rb1 Rd6 26. Rf1 b5 27. Qxc6 Qxf2+ 28. Rxf2 Rxc6 29. Rxb5 Rc1+ 30. Rf1 Rc2 31. Rb7 Rxa2 32. Rfxf7 Ra1+ 33. Kf2 Rf8 34. Rxf8+ Kxf8 35. Kf3 a5 36. Ra7 a4 37. h4 a3 38. Ke4 a2 39. h5 Rh1 40. Rxa2 Rxh5 41. Ra7 Rg5 42. Kf3 Rf5+ 43. Kg4 Rb5 44. e4 Rb2 45. g3 Rb4 46. Kf5 Rb1 47. e5 Rb5 48. g4 Rc5 49. g5 Rb5 50. g6 Rb8 51. Rf7+ Kg8 52. Rd7 Kf8 53. Ke6 Ra8 54. Rf7+ Kg8 55. Rc7 Ra6+ 56. Kd7 Rxg6 57. e6 Rg1 58. Rc8+ Kh7 59. e7 Rd1+ 60. Kc7 Rc1+ 61. Kb7 Rb1+ 62. Kc6 Rc1+ 63. Kb7 Rb1+ 64. Ka6 Ra1+ 65. Kb5 Re1 66. e8Q Rxe8 67. Rxe8 1-0

[Event "El Prat de Llobregat op 3rd"]
[Site "El Prat de Llobregat"]
[Date "2022.09.30"]
[Round "1"]
[White "Ortega Mendoza, Josep"]
[Black "Nadal Fajardo, Ricard"]
[Result "0-1"]
[WhiteElo "1539"]
[BlackElo "1993"]
[PlyCount "52"]
[EventDate "2022.09.30"]
[EventType "swiss"]
[EventRounds "9"]
[EventCountry "ESP"]
[SourceTitle "EXT 2024"]
[Source "ChessBase"]
[SourceDate "2023.10.10"]
[SourceVersion "1"]
[SourceVersionDate "2023.10.10"]
[SourceQuality "1"]

1. e4 c6 2. Nf3 d5 3. exd5 cxd5 4. d4 Nc6 5. c4 Nf6 6. Nc3 e6 7. Bd3 dxc4 8. Bxc4 Be7 9. 0-0 0-0 10. Re1 a6 11. Be3 b5 12. Bd3 Bb7 13. Ng5 Nb4 14. Be4 Nxe4 15. Ngxe4 Rc8 16. a3 Bxe4 17. Nxe4 Nc2 18. Nc5 Nxa1 19. Qxa1 Rc6 20. b4 Qd5 21. a4 Bf6 22. axb5 axb5 23. Qc3 e5 24. Rd1 exd4 25. Qd3 Qc4 26. Bd2 Rxc5 0-1

[Event "Hospitalet de Llobregat Ponce 11th"]
[Site "Hospitalet de Llobregat"]
[Date "2022.06.11"]
[Round "8"]
[White "Nadal Fajardo, Ricard"]
[Black "Fernandez Madrid, Carlos"]
[Result "0-1"]
[WhiteElo "1995"]
[BlackElo "2117"]
[PlyCount "46"]
[EventDate "2022.04.23"]
[EventType "swiss"]
[EventRounds "9"]
[EventCountry "ESP"]
[SourceTitle "EXT 2023"]
[Source "ChessBase"]
[SourceDate "2022.10.05"]
[SourceVersion "1"]
[SourceVersionDate "2022.10.05"]
[SourceQuality "1"]

1. e4 g6 2. d4 Bg7 3. Nc3 d6 4. Be3 a6 5. Qd2 b5 6. a4 b4 7. Nd5 a5 8. h4 c6 9. Nf4 Nf6 10. f3 h5 11. Ngh3 Bxh3 12. Rxh3 Nbd7 13. 0-0-0 Qc7 14. Kb1 Rc8 15. Ba6 Rb8 16. Bc4 c5 17. dxc5 Nxc5 18. g4 hxg4 19. Bxc5 Qxc5 20. Bb5+ Kf8 21. Rhh1 Kg8 22. Qg2 Bf8 23. Rhe1 e6 0-1

[Event "Sant Boi Lorente Memorial 11th"]
[Site "Sant Boi de Llobregat"]
[Date "2021.06.20"]
[Round "8"]
[White "Nadal Fajardo, Ricard"]
[Black "Jerez Perez, Alfonso"]
[Result "0-1"]
[WhiteElo "2196"]
[BlackElo "2367"]
[PlyCount "164"]
[EventDate "2021.06.20"]
[EventType "swiss (rapid)"]
[EventRounds "8"]
[EventCountry "ESP"]
[SourceTitle "CBM 203 Extra"]
[Source "ChessBase"]
[SourceDate "2021.09.30"]
[SourceVersion "1"]
[SourceVersionDate "2021.09.30"]
[SourceQuality "1"]

1. Nf3 Nf6 2. c4 g6 3. b3 Bg7 4. Bb2 0-0 5. g3 d5 6. cxd5 Qxd5 7. Bg2 c5 8. Nc3 Qd8 9. 0-0 Nc6 10. d3 Bd7 11. Rc1 Rc8 12. d4 cxd4 13. Nxd4 Qa5 14. Qd2 Rfd8 15. Rfd1 Nxd4 16. Qxd4 Bc6 17. b4 Rxd4 18. bxa5 Rc4 19. Bf1 Rc5 20. Ba3 Rxa5 21. Bxe7 Re5 22. Bd6 Ree8 23. e3 Bf3 24. Be2 Bxe2 25. Nxe2 Ne4 26. Bb4 h5 27. f3 Rxc1 28. Nxc1 Nf6 29. Kf2 Rc8 30. Ne2 Rc2 31. Rd2 Rc4 32. Bd6 b6 33. e4 Ne8 34. Bf4 Bf8 35. Be3 Nf6 36. h4 Be7 37. Bg5 Rc5 38. Nd4 Kg7 39. Ke3 Rc3+ 40. Rd3 Rxd3+ 41. Kxd3 Bc5 42. Nc6 a6 43. Be3 Bxe3 44. Kxe3 Nd7 45. Kd4 Kf6 46. Nb4 a5 47. Nd5+ Ke6 48. Nc3 Kd6 49. f4 Kc6 50. a4 Nc5 51. Ke5 Nd7+ 52. Kd4 Kd6 53. Nb5+ Ke6 54. Nc7+ Kd6 55. Nb5+ Kc6 56. Na7+ Kd6 57. Nb5+ Ke6 58. Nc7+ Ke7 59. Nd5+ Kd6 60. Nc3 Nc5 61. Nb5+ Ke6 62. Nc3 Kd6 63. Nb5+ Kc6 64. Nc3 f6 65. Kc4 Nxa4 66. Nd5 b5+ 67. Kd4 Nc5 68. Nxf6 a4 69. Kc3 a3 70. f5 b4+ 71. Kc2 gxf5 72. exf5 b3+ 73. Kc3 a2 74. Kb2 Kb5 75. Nd5 Kc4 76. Ne3+ Kd3 77. Nd5 Ke4 78. Nf4 Kxf5 79. Nxh5 Ke4 80. Nf4 Nd3+ 81. Ka1 Nxf4 82. gxf4 Kxf4 0-1